000 01333nam a2200349 a 4500
001 000111803
003 CHAP
005 20220329144229.0
008 150817s2012 mx a fsm |||||||spa d
010 _a108264
011 _a109236
040 _cCHAP
090 _aTesis
100 1 _aGarcía Sánchez, María Antonia
_9129757
245 1 0 _aDescripción de variedades de miguelitos (Zinnia sp. Jacq.), con base en la propuesta de guía técnica para la descripción de variedades de Zinnia de la UPOV
_h[En línea]
_cpor María Antonia García Sánchez y Patricia Mayorga Spínola.
260 _aChapingo, Méx. :
_bEl autor,
_c2012.
500 _aPara ver el contenido del material haga clic en la liga
502 _aTesis (Ing. Agr. Esp. en Fitotecnia) -- UACH. Departamento de Fitotecnia
590 _aE5995AHE
_b05
_c20150817
_lUCH01
_h1254
590 _aE5995AHE
_b05
_c20150817
_lUCH01
_h1254
650 1 4 _aAntocianinas
_96078
650 1 4 _aAsteraceae.
_98170
650 1 4 _aCultivos
_xVariedades.
_930332
650 1 4 _aDesarrollo rural.
_932067
650 1 4 _aPlantas ornamentales
_xCrecimiento.
_989059
650 1 4 _aZinnia.
_9124076
700 1 _aMayorga Spíndola, Patricia
_9129758
856 _aFinding aid
_uhttp://10.13.5.2/tesis/sist111803.pdf
_zTeclea aquí
901 _aBK
942 _cTESIS
942 _n0
999 _c108264
_d108264